Afl Records - Statistics

General Stats
  • This quiz has been taken 450 times
  • The average score is 4 of 9
Answer Stats
Record Record Holder % Correct
Most career goals Tony lockett
97%
Most career games brent harvey
78%
Most disposals in a game Gary ablett & Greg WIlliams
56%
Most games coached mick malthouse
43%
Most goals in a game Fredd Fanning
39%
Most goals in a season Bob Pratt & Peter Hudson
33%
Most marks in a season Nick riewoldt
16%
Most bounces in a game Nathan Bock
4%
Most clearances in a game Paul salmon
3%
No matching quizzes found
Score Distribution
Percent of People with Each Score
Percentile by Number Answered
Your Score History
You have not taken this quiz